Percepción del impacto del turismo en el Roble 2 de Puntarenas, Costa Rica = Perception of the impact of tourism in el Roble 2, Puntarenas, Costa Rica /
En el presente artículo se pretende mostrar el impacto social, económico y cultural del turismo en los hogares de comunidades cercanas a la ciudad de Puntarenas, teniendo presente que dicha actividad comercial ha sido un elemento dinamizador de la economía en esa ciudad; además, de abordar las difer...
Guardado en:
| 主要作者: | |
|---|---|
| 其他作者: | |
| 格式: | Texto |
| 主題: | |
| 標簽: |
添加標簽
沒有標簽, 成為第一個標記此記錄!
|
MARC
| LEADER | 00000 a a2200000 04500 | ||
|---|---|---|---|
| 001 | 41124 | ||
| 003 | |||
| 040 | |||
| 100 | |a Chen Mok, Susan | ||
| 245 | |a Percepción del impacto del turismo en el Roble 2 de Puntarenas, Costa Rica = |b Perception of the impact of tourism in el Roble 2, Puntarenas, Costa Rica / |c Susan Chen Mok ; Kathia García Cousin | ||
| 500 | |a susan.chen@ucr.ac.cr |a kcousin4@yahoo.es | ||
| 520 | |a En el presente artículo se pretende mostrar el impacto social, económico y cultural del turismo en los hogares de comunidades cercanas a la ciudad de Puntarenas, teniendo presente que dicha actividad comercial ha sido un elemento dinamizador de la economía en esa ciudad; además, de abordar las diferencias de desarrollo con respecto a otros centros turísticos nacionales, ubicados por ejemplo en Limón y Guanacaste. | ||
| 590 | |a SJB/OCTUBRE2012 | ||
| 650 | |a 1.TURISMO | ||
| 650 | |a 2.EMPLEO | ||
| 650 | |a 3.CULTURA | ||
| 650 | |a 4.PROTECCION AMBIENTAL | ||
| 650 | |a 5.SECTOR PUBLICO | ||
| 650 | |a 6.SECTOR PRIVADO | ||
| 650 | |a 7.SECTOR TERCIARIO | ||
| 650 | |a 8.COSTA RICA | ||
| 700 | |a García Cousin, Kathia | ||
| 773 | |g volumen89, número2 ( , 2010), páginas 27-38 : tablas, mapas | ||
| 999 | |c 35625 |d 35625 | ||
